Nové produkty v ponuke cestovného ruchu z hľadiska motivácie účastníkov cestovného ruchu bakalárska práca

Salvato in:
Dettagli Bibliografici
Autore principale: Šimočková, Lea
Ente Autore: Obchodná fakulta EU. Katedra služieb a cestovného ruchu - zrušené
Altri autori: Fodranová, Iveta, 1959-
Natura: Libro
Lingua:slovacco
Pubblicazione: Bratislava 2022
Tags: Aggiungi Tag
Nessun Tag, puoi essere il primo ad aggiungerne!!

MARC

LEADER 00000nbm a2200000 4500
001 0285718
005 20230118135328.6
041 0 |a slo 
044 |a SK 
245 1 0 |a Nové produkty v ponuke cestovného ruchu z hľadiska motivácie účastníkov cestovného ruchu  |b bakalárska práca  |c Lea Šimočková ; školiteľ: Iveta Fodranová 
264 1 |a Bratislava  |c 2022 
300 |a 78 s. 
100 1 |a Šimočková, Lea 
700 1 |a Fodranová, Iveta, 1959- 
710 2 |a Obchodná fakulta EU. Katedra služieb a cestovného ruchu - zrušené